=LDR 00000nam 2200000 4500 =001 INLIS000000000052876 =005 20180312075255 =035 ##$$a 0010-0318000103 =007 ta =008 180312###########################0###### =020 ##$$a 978-979-736-803-6 =082 ##$$a 643.3 =084 ##$$a 643.3 SRI k =100 #$$a Sri Suwarni =245 1#$$a Kiat membersihkan alat-alat dapur /$c Sri Suwarni =260 ##$$a Jakarta :$b Sinar Cemerlang Abadi,$c 2007 =300 ##$$a 56 hlm : $b ilus ; $c 20 cm =650 ##$$a Alat dapur - perawatan =700 #$$a Ade =504 ##$$a Bibliografi : hlm. 57 =990 ##$$a 56135613 =990 ##$$a 56135613 =990 ##$$a 56135613 =990 ##$$a 56135613 =990 ##$$a 56135613 =990 ##$$a 21710511 =990 ##$$a 01201805613 =990 ##$$a 01201805614 =990 ##$$a 01201805615 =990 ##$$a 01201805616 =990 ##$$a 21710512 =990 ##$$a 01201805613 =990 ##$$a 01201805614 =990 ##$$a 01201805615 =990 ##$$a 21710511 =990 ##$$a 21710513 =990 ##$$a 01201805613 =990 ##$$a 01201805614 =990 ##$$a 21710512 =990 ##$$a 21710511 =990 ##$$a 21710514 =990 ##$$a 01201805613 =990 ##$$a 21710513 =990 ##$$a 21710512 =990 ##$$a 21710511 =990 ##$$a 21710515 =990 ##$$a 21710514 =990 ##$$a 21710513 =990 ##$$a 21710512 =990 ##$$a 21710511